| 000 | 00590nam a2200229 a 4500 | ||
|---|---|---|---|
| 001 | BRL_227 | ||
| 005 | 20190320210638.0 | ||
| 008 | 250213s1971----u--#######---#000-0#eng-# | ||
| 020 | _a67177333X | ||
| 041 | _aeng | ||
| 044 | _au | ||
| 050 | 4 |
_aPZ3 _b.W38 1971 |
|
| 100 | 1 |
_aWaters, Frank _d1902-1995 _923294 |
|
| 245 | 1 | 0 |
_aThe man who killed the deer _cby Frank Waters. |
| 260 |
_aEstados Unidos _bPocket Books _c1971 |
||
| 300 |
_a217 p. _c18 cm. |
||
| 500 | _aAu216 | ||
| 650 | 1 | 4 |
_aLiteratura estadounidense _923295 |
| 650 | 1 | 4 |
_aIndÃgenas _923296 |
| 902 | _aGRL | ||
| 942 |
_2lcc _cB |
||
| 999 |
_c9040 _d9040 |
||